00451cam a2200145 a 4500020003900000020003600039040000800075082002600083100002000109245005300129250001900182300007800201650001300279650001300292 a9781597267304 (cloth : alk. paper) a1597267309 (cloth : alk. paper) cDLC00a333 KYR 2017 A006 Or.1 aRandolph, John,10aEnvironmental land use planning and management / aSecond edition axxvi, 746 pages :billustrations (some color), maps (some color) ;c27 cm 0aLand use 0aLand use